Get The Picture: Halle Berry Quiz Stats

 Plays Quiz not verified by Sporcle

Support Sporcle.
Go Orange.
Score 0/16 Timer 05:00
0 Plays Today
Question Answer Wrong Answers
Movie
Catwoman
Catwoman/Patience Philips
93.5%
Leticia Musgrove
0.3%
Giacinta ''Jinx'' Johnson
0.3%
Rowena Price
0.9%
Character
Catwoman/Patience Philips
Catwoman/Patience Philips
91%
Leticia Musgrove
0.9%
Giacinta ''Jinx'' Johnson
1.9%
Rowena Price
0.3%
Movie
Monster's Ball
Leticia Musgrove
88.5%
Catwoman/Patience Philips
0.9%
Giacinta ''Jinx'' Johnson
3.7%
Rowena Price
1.6%
Movie
Die Another Day
Giacinta ''Jinx'' Johnson
82.6%
Leticia Musgrove
3.4%
Catwoman/Patience Philips
0.6%
Rowena Price
7.5%
Movie
Perfect Stranger
Rowena Price
78.9%
Leticia Musgrove
9.6%
Catwoman/Patience Philips
0.6%
Giacinta ''Jinx'' Johnson
4.3%
Costars
Pierce Brosnan & Rosamund Pike
Giacinta ''Jinx'' Johnson
78.3%
Leticia Musgrove
3.7%
Catwoman/Patience Philips
2.5%
Rowena Price
10.6%
Costars
Billy Bob Thornton & Heath Ledger
Leticia Musgrove
74.2%
Catwoman/Patience Philips
9.3%
Giacinta ''Jinx'' Johnson
3.4%
Rowena Price
6.8%
Costars
Bruce Willis & Giovanni Ribisi
Rowena Price
73.9%
Leticia Musgrove
8.4%
Catwoman/Patience Philips
2.8%
Giacinta ''Jinx'' Johnson
9%
Character
Giacinta ''Jinx'' Johnson
Giacinta ''Jinx'' Johnson
69.6%
Leticia Musgrove
6.8%
Catwoman/Patience Philips
8.7%
Rowena Price
9.6%
Quote
Just make sure I'm working for Hill.
Rowena Price
68.3%
Leticia Musgrove
5.9%
Catwoman/Patience Philips
8.1%
Giacinta ''Jinx'' Johnson
9.9%
Character
Rowena Price
Rowena Price
63.7%
Leticia Musgrove
15.8%
Catwoman/Patience Philips
8.1%
Giacinta ''Jinx'' Johnson
6.5%
Character
Leticia Musgrove
Leticia Musgrove
59.9%
Catwoman/Patience Philips
5.3%
Giacinta ''Jinx'' Johnson
5%
Rowena Price
24.5%
Quote
Make me feel good.
Leticia Musgrove
58.4%
Catwoman/Patience Philips
16.5%
Giacinta ''Jinx'' Johnson
7.5%
Rowena Price
13%
Costars
Sharon Stone & Benjamin Bratt
Catwoman/Patience Philips
56.8%
Leticia Musgrove
8.7%
Giacinta ''Jinx'' Johnson
5.3%
Rowena Price
23.9%
Quote
Switch them off, or I'll be half the girl I used to be!
Giacinta ''Jinx'' Johnson
56.8%
Leticia Musgrove
5.3%
Catwoman/Patience Philips
24.2%
Rowena Price
8.7%
Quote
White Russian, no ice, no vodka... hold the Kahlua.
Catwoman/Patience Philips
34.8%
Leticia Musgrove
7.1%
Giacinta ''Jinx'' Johnson
42.2%
Rowena Price
10.2%

You're not logged in!

Compare scores with friends on all Sporcle quizzes.
OR
Log In

From the Vault

Star Wars Sequel Trilogy Characters

by SporcleEXP

Probably want to avoid the comments, lest there be spoilers.
Remove Ads.
Support Sporcle.
Get the best of Sporcle when you Go Orange. This ad-free experience offers more features, more stats, and more fun while also helping to support Sporcle. Thank you for becoming a member.

Show Comments

Extras

Top Quizzes Today


Score Distribution

Your Account Isn't Verified!

In order to create a playlist on Sporcle, you need to verify the email address you used during registration. Go to your Sporcle Settings to finish the process.

Report this User

Report this user for behavior that violates our Community Guidelines.

Details: